| 000 | 00460nam a22001817a 4500 | ||
|---|---|---|---|
| 003 | CEME | ||
| 005 | 20210628202020.0 | ||
| 008 | 210223b xxu||||| |||| 00| 0 eng d | ||
| 020 | _a0-12-059826-4 | ||
| 040 | _c. | ||
| 082 | _a511.2 ARF | ||
| 100 |
_aWeber, Hans J Arfken, George B _957891 |
||
| 245 | _aMathematical methods for physicists | ||
| 250 | _a5TH | ||
| 260 |
_aNEW YORK _bHAP _c2001 |
||
| 650 |
_aMATHEMATICAL METHODS _956178 |
||
| 942 |
_cBK _2ddc |
||
| 999 |
_c568136 _d568136 |
||